000 00473nam a2200157 4500
008 160930b xxu||||| |||| 00| 0 eng d
022 _a16565649
082 _aDPer 303.405 H22 May-Sept 2015 n. 6-10
100 _915547
_aLucas, Ashley
245 _aJBL Charge 2/
_cAshley Lucas.
260 _aQuezon City:
_bHardware Zone Phils. Corp.,
_cc2015.
300 _aV11 i8, page 44;
_c30 cm.
500 _aHWM Philippines.
650 0 _915548
_aTechnology
942 _2ddc
_cPER
999 _c4937
_d4937